000 00228nam a2200097Ia 4500
001 681414
005 20250826161359.0
008 250824s9999 xx 000 0 und d
245 0 _aGORİOT BABA
_cBALZAC
260 _bMARTI YAYINCILIK
999 _c681414
_d681414